00452 2200181 4500001002100000005001500021008004100036020001800077035001900095041000700114082000800121090001400129100001700143245002800160260003000188300003200218650002000250INLIS00000000000861220241224113659241224||||||||| | ||| |||| || |  a979-534-246-0 0010-1224008612 aid0 a507 a507 FAR b0 aJOHN FARNDON00aBagaimana Benda Bekerja aBandungbPakar Rayac2005 a28x20,5 cm, 40 hlm.; ilus.: 0aIlmu-ilmu Murni